000 00626nam a2200193 a 4500
001 000032260
005 20210311001228.0
008 110713s19uu dr r 000 p spa d
040 _aDO-SdBNP
_bspa
_cBNPHU
082 _aRD861.42
_bM857d
100 1 _aMorillo, Gabriel A.
_929614
245 1 0 _aDulces enigmas :
_bpoemas en prosa /
_cGabriel A. M orillo.
260 _aLa Vega, República Dominicana :
_bImp. La Palabra,
_c[19--?].
300 _a138 p. ;
_c21 cm.
590 _aInventariado, 2018/VM
650 0 _aPoesía dominicana
_966
650 4 _aLireratura dominicana
_958312
910 _aValidado. Control de calidad MFF
999 _c31751
_d31751